banner-ar

FOUNDATIONS OF INORGANIC, ORGANIC & BIOLOGICAL CHEMISTRY / (Record no. 10687)

MARC details
000 -الفاتح
حقل البيانات ثابتة الطول 00581nam a2200217Ia 4500
008 - عناصر البيانات ثابتة الطول - معلومات عامة
حقل البيانات ثابتة الطول 140319s9999 xx 000 0 eng d
040 ## - مصدر الفهرسة
وكالة الفهرسة الأصلية GCL /
وكالة النسخ GCL
082 04 - رقم تصنيف ديوى العشرى
رقم التصنيف 540
رقم المادة C F
100 1# - المدخل الرئيسى - إسم شخصى
الإسم الشخصى CARET, ROBERT
245 10 - بيان العنوان
العنوان FOUNDATIONS OF INORGANIC, ORGANIC & BIOLOGICAL CHEMISTRY /
بيان المسئوليه,etc CARET, ROBERT
700 1# - المدخل الاضافى - اسم شخصى
الإسم الشخصى TOPPINO, JOSEPH
260 ## - PUBLICATION, DISTRIBUTION, ETC. (IMPRINT)
تاريخ النشر أو التوزيع 1995
300 ## - الوصف المادى
التعداد 574
650 04 - المدخل الاضافى بالموضوع-مصطلح موضوعى
مصطلح موضوعي INORGANIC CHEMICALS
650 04 - المدخل الاضافى بالموضوع-مصطلح موضوعى
مصطلح موضوعي ORGANIC CHEMISTRY
650 04 - المدخل الاضافى بالموضوع-مصطلح موضوعى
مصطلح موضوعي BIOLOGICAL CHEMISTRE
650 04 - المدخل الاضافى بالموضوع-مصطلح موضوعى
مصطلح موضوعي ORGANIC
650 04 - المدخل الاضافى بالموضوع-مصطلح موضوعى
مصطلح موضوعي INORGANIC
942 ## - عناصر المدخل الإضافي( كوها)
مصدر التصنيف او مخطط الترفيف Dewey Decimal Classification
Koha [default] item type كتاب
260 ## - PUBLICATION, DISTRIBUTION, ETC. (IMPRINT)
-- [S.N] :
-- WM . C. BROWN ،
Holdings
حالة التراجع حالة الفقد حالة تلف ليس للاعارة المكان المؤقت الموقع الحالى تاريخ الاكتساب اجمالي اﻻعارات رقم الطلب الباركود تاريخ اخر مشاهدة تاريخ تفعيل السعر نوع وعاء كوها
        مكتبة القاهرة الكبرى مكتبة القاهرة الكبرى 03/26/2014   540\C F 21515 03/26/2014 03/26/2014 كتاب

Powered By

EGPV